Statistics for Guess The Album By The Cover #3

Click here to take the quiz!

General Stats

  • This quiz has been taken 49 times
  • The average score is 3 of 7

Answer Stats

Answer% Correct
Abbey Road
86%
Graduation
76%
Random Access Memories
48%
The Slow Rush
28%
Enema Of The State
24%
Slowhand
21%
Hunting High And Low
14%

Score Distribution

Percentile by Number Answered

Percent of People with Each Score

Your Score History

You have not taken this quiz